[Event "Augsburg Afro op"]
[Site "Augsburg"]
[Date "2003.08.09"]
[Round "6"]
[White "Kaspar, Willi"]
[Black "Zapf, Alexander"]
[Result "0-1"]
[WhiteElo "2092"]
[BlackElo "2045"]
[PlyCount "72"]
[EventDate "2003.08.06"]
[EventType "swiss"]
[EventRounds "7"]
[EventCountry "GER"]
[SourceTitle "EXT 2006"]
[Source "ChessBase"]
[SourceDate "2005.11.24"]
[SourceVersion "1"]
[SourceVersionDate "2005.11.24"]
[SourceQuality "1"]

1. e4 c5 2. f4 d5 3. e5 Nc6 4. Nf3 Bf5 5. d3 e6 6. Be2 f6 7. 0-0 fxe5 8. fxe5 Nge7 9. Nc3 Ng6 10. Qe1 Be7 11. h3 h5 12. Bd1 h4 13. a4 a6 14. a5 Qc7 15. Ng5 Qxe5 16. Qxe5 Ncxe5 17. Nxd5 Bd6 18. Rxf5 exf5 19. Ne6 Kf7 20. Ng5+ Kf8 21. Ne3 Ne7 22. Bd2 Rh6 23. Nf3 Rh8 24. Bc3 Nxf3+ 25. Bxf3 Rb8 26. Nc4 Bg3 27. Ne5 Ke8 28. Ra4 b5 29. axb6 Rxb6 30. Rc4 Rb5 31. Nc6 Rh6 32. Na7 Rbb6 33. Rxc5 Rhe6 34. b3 Re3 35. Ra5 Rbe6 36. Ra1 Bb8 0-1

[Event "Augsburg Afro op"]
[Site "Augsburg"]
[Date "2003.08.09"]
[Round "5"]
[White "Zapf, Alexander"]
[Black "Wilfert, Andre"]
[Result "1/2-1/2"]
[WhiteElo "2045"]
[BlackElo "2084"]
[PlyCount "86"]
[EventDate "2003.08.06"]
[EventType "swiss"]
[EventRounds "7"]
[EventCountry "GER"]
[SourceTitle "EXT 2006"]
[Source "ChessBase"]
[SourceDate "2005.11.24"]
[SourceVersion "1"]
[SourceVersionDate "2005.11.24"]
[SourceQuality "1"]

1. d4 Nf6 2. c4 g6 3. Nc3 d5 4. cxd5 Nxd5 5. e4 Nxc3 6. bxc3 Bg7 7. Be3 0-0 8. Qd2 c5 9. Nf3 Bg4 10. Rb1 Bxf3 11. gxf3 cxd4 12. cxd4 Nc6 13. d5 Ne5 14. Be2 Rc8 15. 0-0 Qd7 16. Bxa7 Qh3 17. Rb3 Qh4 18. Be3 h6 19. Rc1 Qh3 20. Rxc8 Rxc8 21. Bd4 Nc4 22. Bxc4 Rxc4 23. Bxg7 Kxg7 24. Qd1 Qc8 25. Kg2 Qc5 26. Rb2 Rc1 27. Qb3 Qd4 28. Rc2 Rxc2 29. Qxc2 Qe5 30. a4 Qg5+ 31. Kf1 Qf4 32. Ke2 Qe5 33. a5 Kh7 34. h3 h5 35. Qb3 Qc7 36. Qb6 Qc2+ 37. Kf1 Qc1+ 38. Kg2 Qg5+ 39. Kh2 Qf4+ 40. Kg2 Qg5+ 41. Kf1 Qc1+ 42. Ke2 Qc2+ 43. Ke3 Qc3+ 1/2-1/2

[Event "Augsburg Afro op"]
[Site "Augsburg"]
[Date "2003.08.08"]
[Round "4"]
[White "Reiser, Charles Roy"]
[Black "Zapf, Alexander"]
[Result "1/2-1/2"]
[WhiteElo "2099"]
[BlackElo "2045"]
[PlyCount "80"]
[EventDate "2003.08.06"]
[EventType "swiss"]
[EventRounds "7"]
[EventCountry "GER"]
[SourceTitle "EXT 2006"]
[Source "ChessBase"]
[SourceDate "2005.11.24"]
[SourceVersion "1"]
[SourceVersionDate "2005.11.24"]
[SourceQuality "1"]

1. d4 Nf6 2. Nc3 d5 3. e4 dxe4 4. f3 e3 5. Bxe3 e6 6. Bd3 Nbd7 7. Nge2 a6 8. Ne4 b5 9. c3 Be7 10. 0-0 0-0 11. Qc2 g6 12. Rad1 Nb6 13. Bh6 Re8 14. Nf4 Bf8 15. Bg5 Bg7 16. h4 Nbd5 17. Qc1 Qd7 18. Nc5 Qd6 19. Rfe1 e5 20. Bxf6 Nxf6 21. Ne4 Nxe4 22. Bxe4 c6 23. Ne2 f5 24. Bc2 Bf6 25. Qh6 Bg7 26. Qe3 Qf6 27. Bb3+ Kh8 28. g3 e4 29. f4 a5 30. a3 Qd6 31. Kh2 Ba6 32. Kg2 Rad8 33. Rh1 h5 34. Rd2 Re7 35. Rhd1 Red7 36. Ng1 Bf6 37. Nh3 c5 38. Ng5 c4 39. Bc2 Qd5 40. Ra1 a4 1/2-1/2

[Event "Augsburg Afro op"]
[Site "Augsburg"]
[Date "2003.08.07"]
[Round "1"]
[White "Zapf, Alexander"]
[Black "Dauer, Carolin"]
[Result "1-0"]
[WhiteElo "2045"]
[BlackElo "1105"]
[PlyCount "31"]
[EventDate "2003.08.06"]
[EventType "swiss"]
[EventRounds "7"]
[EventCountry "GER"]
[SourceTitle "EXT 2006"]
[Source "ChessBase"]
[SourceDate "2005.11.24"]
[SourceVersion "1"]
[SourceVersionDate "2005.11.24"]
[SourceQuality "1"]

1. d4 d5 2. c4 c6 3. Nf3 Bf5 4. Qb3 b6 5. Nc3 Nf6 6. cxd5 Nxd5 7. Bg5 h6 8. Bh4 Nd7 9. e3 g5 10. Bg3 f6 11. Bc4 e6 12. e4 Nxc3 13. exf5 Ne4 14. Bxe6 a5 15. Bf7+ Ke7 16. Qe6# 1-0

[Event "Regionalliga SW 0203"]
[Site "Bayern"]
[Date "2002.11.17"]
[Round "2.6"]
[White "Zapf, Alexander"]
[Black "Kowarsch, Heinrich"]
[Result "1-0"]
[WhiteElo "1936"]
[BlackElo "1975"]
[PlyCount "99"]
[EventDate "2002.10.20"]
[EventType "team-tourn"]
[EventRounds "9"]
[EventCountry "GER"]
[SourceTitle "EXT 2004"]
[Source "ChessBase"]
[SourceDate "2003.11.25"]
[SourceVersion "1"]
[SourceVersionDate "2003.11.25"]
[SourceQuality "1"]
[WhiteTeam "Bobingen"]
[BlackTeam "Tuerkheim"]
[WhiteTeamCountry "GER"]
[BlackTeamCountry "GER"]

1. d4 Nf6 2. c4 e6 3. Nc3 c5 4. d5 d6 5. Nf3 exd5 6. cxd5 h6 7. e4 a6 8. a4 Nbd7 9. Be2 Qe7 10. 0-0 g6 11. Nd2 Bg7 12. f4 0-0 13. Bf3 Rb8 14. a5 b5 15. axb6 Nxb6 16. Nb3 Ne8 17. Na5 Bd7 18. Ra3 Nc7 19. Kh1 Nb5 20. Nxb5 axb5 21. Re3 Ra8 22. Nb3 Nc4 23. Re2 Ra2 24. e5 Rd8 25. e6 fxe6 26. dxe6 Be8 27. Bd5 Nxb2 28. Qc2 c4 29. Nd2 Kh8 30. Ne4 Ra1 31. Qxb2 Bxb2 32. Bxb2+ Kh7 33. Rxa1 h5 34. Nf6+ Kg7 35. Nxe8+ Kh6 36. Nf6 Rc8 37. Bd4 c3 38. Bxc3 b4 39. Bd4 g5 40. fxg5+ Kxg5 41. Rf2 Qc7 42. Be3+ Kg6 43. Be4+ Kg7 44. Nxh5+ Kg8 45. Rf7 Qxf7 46. exf7+ Kxf7 47. Rf1+ Kg8 48. Bd5+ Kh7 49. g4 b3 50. Rf7+ 1-0

[Event "Regionalliga SW 0102"]
[Site "Bayern"]
[Date "2002.04.14"]
[Round "8.7"]
[White "Blosze, Erik"]
[Black "Zapf, Alexander"]
[Result "1-0"]
[WhiteElo "1990"]
[BlackElo "1915"]
[PlyCount "57"]
[EventDate "2001.10.07"]
[EventType "team-tourn"]
[EventRounds "9"]
[EventCountry "GER"]
[SourceTitle "EXT 2003"]
[Source "ChessBase"]
[SourceDate "2002.11.25"]
[SourceVersion "1"]
[SourceVersionDate "2002.11.25"]
[SourceQuality "1"]
[WhiteTeam "Pasing II"]
[BlackTeam "Bobingen"]
[WhiteTeamCountry "GER"]
[BlackTeamCountry "GER"]

1. d4 Nf6 2. c4 e6 3. Nf3 d5 4. Nc3 Be7 5. Bg5 0-0 6. e3 h6 7. Bxf6 Bxf6 8. Qc2 c6 9. cxd5 exd5 10. Bd3 Re8 11. h3 b6 12. 0-0 Bb7 13. Rac1 a6 14. b4 Ra7 15. Rfd1 Be7 16. Qb3 g6 17. Ne5 Rf8 18. f4 Kg7 19. Rf1 f5 20. g4 Bc8 21. Rf2 Bd6 22. Rg2 Bxe5 23. fxe5 fxg4 24. Ne2 Rf3 25. Qc2 Qh4 26. Nf4 Bf5 27. Bxf5 gxf5 28. Qxf5 g3 29. Ne6+ 1-0

[Event "Regionalliga SW 0102"]
[Site "Bayern"]
[Date "2002.02.24"]
[Round "6.8"]
[White "Zapf, Alexander"]
[Black "Begna, Bozidar"]
[Result "1/2-1/2"]
[WhiteElo "1915"]
[BlackElo "2070"]
[PlyCount "83"]
[EventDate "2001.10.07"]
[EventType "team-tourn"]
[EventRounds "9"]
[EventCountry "GER"]
[SourceTitle "EXT 2003"]
[Source "ChessBase"]
[SourceDate "2002.11.25"]
[SourceVersion "1"]
[SourceVersionDate "2002.11.25"]
[SourceQuality "1"]
[WhiteTeam "Bobingen"]
[BlackTeam "Muenchen Tarrasch"]
[WhiteTeamCountry "GER"]
[BlackTeamCountry "GER"]

1. d4 Nf6 2. c4 e6 3. Nc3 Bb4 4. e3 c5 5. a3 Bxc3+ 6. bxc3 Nc6 7. Bd3 d6 8. Ne2 e5 9. f3 0-0 10. 0-0 Re8 11. d5 Ne7 12. Ng3 Ng6 13. Ra2 Bd7 14. a4 b6 15. Bxg6 hxg6 16. e4 Nh5 17. Qe1 Qh4 18. Be3 f5 19. Bf2 Qf6 20. Qa1 Nxg3 21. Bxg3 f4 22. Be1 a5 23. Rb2 Ra6 24. Rff2 g5 25. h3 Kf7 26. Kf1 Qg6 27. Ke2 Ke7 28. Qd1 Rh8 29. Kd3 Kd8 30. Ra2 Kc7 31. Kc2 Raa8 32. Kb3 Rh6 33. Qe2 Rah8 34. Qf1 Qe8 35. Qe2 Qg6 36. Ra1 Qh7 37. Bd2 Rg6 38. Rg1 Qh4 39. Be1 Qh5 40. Rff1 Rgh6 41. Bd2 Qg6 42. Rf2 1/2-1/2